000 00595nam a22002177a 4500
001 00135
003 DO-SdBNP
005 20160404112620.0
007 00135
008 160404b xxu 2005 ||||| |||| 00| 0 spa d
020 _a9781845583767
040 _aBPMSU
_bspa
_cBPMSU
092 _axxxxxxxxx
_bxxxxxxxxx
100 1 _aDooley, Jenny
245 1 0 _aWelcome to America :
_bStarter a /
_cJenny Dooley ; Virginia Evans
260 _aEstados Unidos :
_bExpress publishing,
_c2005.
300 _a43 p. :
_bil.,
_c30 cm.
700 1 0 _aEvans, Virginia
942 _2ddc
_cBK
956 _aBrenda Tavárez
999 _c9514
_d9514